Or not enough (Record no. 76756)

MARC details
000 -LEADER
fixed length control field 01385cab a2200229 4500
001 - CONTROL NUMBER
control field ##L133032
008 - FIXED-LENGTH DATA ELEMENTS--GENERAL INFORMATION
fixed length control field 060404n2006 000 0 eng u
035 ## - SYSTEM CONTROL NUMBER
System control number (Sirsi) u133032
041 0# - LANGUAGE CODE
Language code of text/sound track or separate title eng
100 1# - MAIN ENTRY--PERSONAL NAME
Personal name Cobb, Laurence
245 00 - TITLE STATEMENT
Title Or not enough
260 ## - PUBLICATION, DISTRIBUTION, ETC.
Date of publication, distribution, etc. 2006
490 #0 - SERIES STATEMENT
Series statement Building
Volume/sequential designation 271(8424) 31 March 2006, 62-63(2)
520 ## - SUMMARY, ETC.
Summary, etc. Reports the facts of, and comments upon, "Kier Regional Ltd v City and General (Holborn) Ltd" ([2006] All ER (D) 64 TCC, L133402), where it was decided that an adjudicator's decision was not invalidated by a refusal to consider expert's reports that were produced after the adjudication had begun. The court has thus shown that it is willing to uphold the adjudication process, and will ignore technical legal arguments advanced against an adjudicator's decision. Whilst the rules of natural justice still apply in adjudication, only very clear cases of breach will invalidate a decision.
590 ## - LOCAL NOTE (RLIN)
Local note IKA110406
650 24 - SUBJECT ADDED ENTRY--TOPICAL TERM
Topical term or geographic name entry element KIER REGIONAL LTD (T/A WALLIS) V CITY AND GENERAL (HOLBORN) LTD
650 24 - SUBJECT ADDED ENTRY--TOPICAL TERM
Topical term or geographic name entry element CARILLION CONSTRUCTION LTD V DEVONPORT ROYAL DOCKYARD LTD
650 24 - SUBJECT ADDED ENTRY--TOPICAL TERM
Topical term or geographic name entry element BUXTON BUILDING CONTRACTORS V DURAND PRIMARY SCHOOL GOVERNORS
690 ## - LOCAL SUBJECT ADDED ENTRY--TOPICAL TERM (OCLC, RLIN)
Topical term or geographic name as entry element MANAGEMENT-DISPUTE AVOIDANCE, MANAGEMENT AND RESOLUTION-DISPUTE MANAGEMENT AND RESOLUTION-ALTERNATIVE DISPUTE RESOLUTION-ADJUDICATION
700 1# - ADDED ENTRY--PERSONAL NAME
Personal name Wrzesien, Tom
942 ## - ADDED ENTRY ELEMENTS (KOHA)
Suppress in OPAC 0
Holdings
Withdrawn status Lost status Source of classification or shelving scheme Damaged status Not for loan Home library Current library Shelving location Date acquired Total Checkouts Full call number Barcode Date last seen Copy number Price effective from Koha item type
    Dewey Decimal Classification     London London Journal article 04/04/2006   L133032 133032-1001 06/08/2019 1 06/08/2019 Journal article